Poznať a byť poznaný Carlo Maria Martini: Veď ma po ceste života

Bibliographic Details
Main Author: Berta, Dušan, 1970- (Author)
Format: Article
Language:Slovak
ISSN:0139-8512
Subjects:

MARC

LEADER 00000nab a2200000 a 4500
001 vtls000681423
003 SK-MaSNL
005 20260304214716.0
008 180205c1999 xo 0 slo
015 |a SNBRB1999/02-03099 
035 |a CLN000033590 
040 |a SNKBUCL  |b slo  |c SNKBUCL  |e AACR2 
041 0 |a slo 
044 |a xo  |c SK 
080 |a 242(048)  |2 1997 
080 |a 254.4:282(048)  |2 1997 
100 1 |a Berta, Dušan,  |d 1970-  |4 aut  |9 117504 
245 1 0 |a Poznať a byť poznaný  |b Carlo Maria Martini: Veď ma po ceste života  |c Dušan Berta 
650 0 7 |a náboženská literatúra  |2 snkbucl  |9 1487 
650 0 7 |a talianska literatúra  |2 snkbucl  |9 1215 
655 7 |a články z novín a časopisov  |2 snkbucl  |9 267496 
655 7 |a recenzie  |2 snkbucl  |9 21907 
773 0 |t Katolícke noviny  |g Roč. 113, č. 7 (1999), s. 15  |x 0139-8512 
787 0 8 |i Rec.:  |a Martini, Carlo Maria  |t Veď ma po ceste života  |d Bratislava : Don Bosco, 1998  |z 8088933013 
850 |a Slovenská národná knižnica 
852 |a Slovenská národná knižnica 
958 |a RBX 
999 |c 3142829  |d 3144759